00501 2200205 4500001002100000005001500021035002000036007000300056008004100059020001800100082000800118084001400126100001600140245002200156260004600178300003300224650001000257990001400267990001400281INLIS00000000003074720191125022432 a0010-1119000575ta191125 d 1 ind  a979-3414-58-8 aFik aFik Var p0 aVaruni Dian1 aPohon Dalam Perut aSolo :bPT Era Adicitra Intermedia,c2012 avi+90 halaman ;c14.5x20.5cm aFiksi aB00818849 aB00818848